[Event "tht Extraliga 16/17,SK AD Jicin-Novy Bor"]
[Site "Praha"]
[Date "2016.12.11"]
[Round "4.7"]
[White "Svoboda, Vaclav"]
[Black "Babula, Vlastimil"]
[WhiteElo "2424"]
[BlackElo "2558"]
[Result "0-1"]
[PlyCount "36"]

1. e4 c5 2. Nf3 e6 3. b3 b6 4. Bd3 Bb7 5. O-O Nf6 6. Re1 Be7 7. e5 Nd5 8. Bb2
O-O 9. c4 Nf4 10. Bf1 f6 11. Nc3 Nc6 12. Ne4 fxe5 13. Nxe5 d5 14. Qg4 g6 15.
cxd5 exd5 16. Bb5 h5 17. Qg3 Bh4 18. Qc3 Nd4 0-1

[Event "tht Extraliga 16/17,SK AD Jicin-Novy Bor"]
[Site "Praha"]
[Date "2016.12.11"]
[Round "4.8"]
[White "Kriebel, Tadeas"]
[Black "Kourousis, Epaminondas"]
[WhiteElo "2468"]
[BlackElo "2380"]
[Result "1/2-1/2"]
[PlyCount "171"]

1. e4 c6 2. d4 d5 3. Nd2 dxe4 4. Nxe4 Bf5 5. Ng3 Bg6 6. h4 h6 7. Nf3 Nd7 8. h5
Bh7 9. Bd3 Bxd3 10. Qxd3 e6 11. Bd2 Ngf6 12. O-O-O Qc7 13. Ne4 O-O-O 14. g3 Nc5
15. Nxc5 Bxc5 16. Qe2 Bd6 17. c4 c5 18. Bc3 cxd4 19. Nxd4 a6 20. Kb1 Rd7 21.
Nb3 Qc6 22. Rhe1 Rhd8 23. a3 Bc7 24. Rxd7 Rxd7 25. Ka2 Kb8 26. g4 Qg2 27. Nc5
Re7 28. f3 Qxe2 29. Rxe2 e5 30. Rd2 Kc8 31. Kb3 g6 32. Ne4 Re6 33. Rh2 gxh5 34.
gxh5 Nd7 35. Rg2 Re8 36. c5 f5 37. Nd6+ Bxd6 38. cxd6 b5 39. Rg7 e4 40. fxe4
Rxe4 41. Rf7 Re6 42. Rxf5 Rxd6 43. a4 bxa4+ 44. Kxa4 Kb7 45. Ka5 Rd3 46. Bg7
Rd6 47. Bh8 Nb6 48. Rf7+ Nd7 49. Kb4 Rd5 50. Rh7 Rd6 51. Bg7 Kc6 52. Rh8 Nf6
53. Rxh6 Nd5+ 54. Ka5 Rxh6 55. Bxh6 Nf6 56. Kxa6 Nxh5 57. Bg5 Ng7 58. b4 Ne6
59. b5+ Kc7 60. Ka7 Nc5 61. Bf4+ Kc8 62. Kb6 Nb7 63. Bc7 Nc5 64. Kc6 Ne6 65.
Be5 Nd8+ 66. Kb6 Ne6 67. Ka7 Nd8 68. Bg3 Nb7 69. Bf4 Nc5 70. Bd6 Nb7 71. Be7
Kc7 72. Ka6 Kb8 73. Kb6 Ka8 74. Kc7 Nc5 75. b6 Nb7 76. Bb4 Nc5 77. Kc8 Nb7 78.
Kd7 Kb8 79. Be1 Nc5+ 80. Kc6 Nb7 81. Bg3+ Ka8 82. Bc7 Na5+ 83. Kb5 Nc6 84. Ka6
Nb4+ 85. Kb5 Nc6 86. Kxc6 1/2-1/2

[Event "tht Extraliga 16/17,Lokomotiva Brno-Lysa nad Labem B"]
[Site "Lysa nad Labem"]
[Date "2016.12.11"]
[Round "4.1"]
[White "Biolek, Richard"]
[Black "Potkin, Vladimir"]
[WhiteElo "2438"]
[BlackElo "2597"]
[Result "0-1"]

1. d4  d5  2. c4  c6
3. Nf3  Nf6  4. Nc3
e6  5. Bg5  h6
6. Bh4  dxc4  7. e4  g5
8. Bg3  b5  9. Be2
Bb7  10. O-O  Nbd7
11. Ne5  h5  12. Nxd7
Qxd7  13. Qc1  Be7
14. Rd1  Ng4  15. d5
cxd5  16. exd5  exd5
17. h3  Nf6  18. Qxg5
Rg8  19. Qf4  b4
20. Nb1  Ne4  21. Nd2
Nxg3  22. fxg3  Qd6
23. Bxh5  Qxf4  24. gxf4
Bf6  25. Rab1  Rd8
26. Bf3  Bc8  27. Re1+
Kf8  28. Kh2  Bf5
29. Rbd1  Bc2  30. Rc1
Bd3  31. b3  Bb2
32. bxc4  Bxc1  33. Rxc1
dxc4  34. Nxc4  Rc8
35. Bd5  Rg6  36. Bxf7
Rgc6  37. Bd5  Rxc4
38. Bxc4  Rxc4  39. Rd1
Be4  40. g4  a5
41. f5  Ke7  42. g5  Bxf5
43. Rd5  Be6  44. Rxa5
Rc2+  45. Kg3  Rxa2
46. Rb5  b3  47. Rb7+
Kd6  48. h4  Rg2+
0-1

[Event "tht Extraliga 16/17,Lokomotiva Brno-Lysa nad Labem B"]
[Site "Lysa nad Labem"]
[Date "2016.12.11"]
[Round "4.2"]
[White "Vorobiov, Evgeny"]
[Black "Druska, Juraj"]
[WhiteElo "2583"]
[BlackElo "2448"]
[Result "1-0"]

1. d4  Nf6  2. c4  e6
3. Nf3  c5  4. d5
b5  5. Bg5  exd5
6. cxd5  h6  7. Bxf6
Qxf6  8. Qc2  Be7
9. e4  Qb6  10. Be2
O-O  11. O-O  d6
12. a4  bxa4  13. Nbd2
Na6  14. Nc4  Qd8
15. Rxa4  Nb4  16. Qd2
Bd7  17. Ra3  Bb5
18. Re1  Bf6  19. h3
a6  20. Ne3  h5
21. Nf5  Qd7  22. g4  hxg4
23. hxg4  Rfe8  24. Bxb5
axb5  25. g5  Be7
26. Kg2  Bf8  27. Rxa8
Rxa8  28. Rh1  f6
29. gxf6  gxf6  30. Qf4
Ra7  31. Qh4  1-0

[Event "tht Extraliga 16/17,Lokomotiva Brno-Lysa nad Labem B"]
[Site "Lysa nad Labem"]
[Date "2016.12.11"]
[Round "4.3"]
[White "Burdalev, Kirill"]
[Black "Danin, Alexandr"]
[WhiteElo "2361"]
[BlackElo "2580"]
[Result "0-1"]

1. d4  Nf6  2. c4  g6
3. Nc3  d5  4. Bf4
Bg7  5. e3  c5
6. dxc5  Qa5  7. Rc1  dxc4
8. Bxc4  O-O  9. Nf3
Qxc5  10. Bb3  Nc6
11. O-O  Qa5  12. h3
Bf5  13. Qe2  Ne4
14. g4  Nxc3  15. bxc3
Bd7  16. Rfd1  Rad8
17. Rd5  Qb6  18. Rb1
e6  19. Rdd1  Na5
20. Bg5  f6  21. Bf4
Nxb3  22. Rxb3  Qc6
23. Bd6  Rfe8  24. c4
e5  25. c5  Be6
26. Ra3  b6  27. Rxa7  bxc5
28. Ra6  Qb7  29. e4
c4  30. Ra4  Qc6
0-1

[Event "tht Extraliga 16/17,Lokomotiva Brno-Lysa nad Labem B"]
[Site "Lysa nad Labem"]
[Date "2016.12.11"]
[Round "4.4"]
[White "Nguyen, Thai"]
[Black "Kratochvil, Josef"]
[WhiteElo "2429"]
[BlackElo "2272"]
[Result "1/2-1/2"]

1. e4  c5  2. Nf3  e6
3. d4  cxd4  4. Nxd4
a6  5. Nc3  b5
6. Bd3  Bb7  7. O-O  Qb6
8. Be3  Bc5  9. Nce2
Nc6  10. c3  b4
11. Nxc6  Bxc6  12. Nd4  Nf6
13. Nxc6  Qxc6  14. cxb4
Bxe3  15. fxe3  Qd6
16. a3  O-O  17. Be2
Qe5  18. Qd4  Qxd4
19. exd4  Nxe4  20. Rac1
Ra7  21. Bd3  f5
22. Rfe1  Nf6  23. Rc5
Kf7  24. g3  g6
25. Ra5  Rfa8  26. Kg2  Ke7
27. d5  Kd6  28. dxe6
dxe6  29. Bc4  Ne4
30. Rd1+  Ke7  31. Re5
Rc8  32. Rxe6+  Kf8
33. b3  a5  34. b5
a4  35. b6  Rb7
36. Bd5  Rd7  37. b7  Rb8
38. Rb6  Kg7  39. Rd3 Nc5
40. Rd4  axb3  41. Rb5
Ne6  42. Rc4  Nc7
43. Rxc7  Rxc7  44. Rxb3
Rc5  45. Be6  Kf6
46. Bc8  1/2-1/2

[Event "tht Extraliga 16/17,Lokomotiva Brno-Lysa nad Labem B"]
[Site "Lysa nad Labem"]
[Date "2016.12.11"]
[Round "4.5"]
[White "Skliba, Martin"]
[Black "Suran, Jan"]
[WhiteElo "2268"]
[BlackElo "2425"]
[Result "1/2-1/2"]

1. d4  Nf6  2. c4  g6
3. Nc3  Bg7  4. e4
d6  5. Nf3  O-O
6. h3  Na6  7. Bg5  Qe8
8. g4  c6  9. Be2
Nc7  10. a3  d5
11. cxd5  cxd5  12. e5  Ne4
13. Bf4  Bd7  14. Rc1
Rc8  15. O-O  Ne6
16. Be3  Nxc3  17. Rxc3
Rxc3  18. bxc3  Bb5
19. c4  Bc6  20. c5
Bb5  21. Qd2  Qc6
22. Rb1  Bxe2  23. Qxe2
Rb8  24. Qb5  Qxb5
25. Rxb5  Nd8  26. Ne1
Nc6  27. Nd3  e6
28. f4  Bh6  29. Kf2
Kf8  30. f5  Bxe3+
31. Kxe3  Ke7  32. fxe6
1/2-1/2

[Event "tht Extraliga 16/17,Lokomotiva Brno-Lysa nad Labem B"]
[Site "Lysa nad Labem"]
[Date "2016.12.11"]
[Round "4.6"]
[White "Londyn, Radek"]
[Black "Kratochvil, Karel"]
[WhiteElo "2419"]
[BlackElo "2222"]
[Result "1/2-1/2"]

1. d4  Nf6  2. Nf3  e6
3. Bf4  c5  4. e3
Nc6  5. Nbd2  d5
6. c3  Be7  7. Bd3
Nh5  8. Be5  Nxe5
9. Nxe5  Nf6  10. f4
Nd7  11. Qh5  g6
12. Qf3  f6  13. Nxd7
Bxd7  14. h4  Qb6
15. O-O-O  Rc8  16. Nb1
f5  17. h5  g5
18. g4  cxd4  19. gxf5  dxc3
20. bxc3  g4  21. Qxg4
Qxe3+  22. Kb2  Bf6
23. fxe6  Ba4  24. Qf5
Ke7  25. Rde1  Qb6+
26. Kc1  Rxc3+  27. Nxc3
Bxc3  28. Re2  Rc8
29. Rc2  Qe3+  30. Kb1
Qb6+  31. Kc1  Qe3+
32. Kb1  Qb6+  33. Kc1
Qe3+  1/2-1/2

[Event "tht Extraliga 16/17,Lokomotiva Brno-Lysa nad Labem B"]
[Site "Lysa nad Labem"]
[Date "2016.12.11"]
[Round "4.7"]
[White "Kratochvil, Milan"]
[Black "Cerveny, Martin"]
[WhiteElo "2205"]
[BlackElo "2395"]
[Result "1/2-1/2"]

1. e4  c5  2. c3  d5
3. exd5  Qxd5  4. d4
Nf6  5. Nf3  e6
6. Be3  cxd4  7. Nxd4  a6
8. c4  Qd7  9. Nc3
Nc6  10. Be2  Be7
11. O-O  O-O  12. Nxc6
Qxc6  13. Rc1  Bd7
14. Bf3  Qc7  15. Qb3
Bc6  16. Nd5  Qd6
17. Bf4  Qc5  18. Rfd1
exd5  19. cxd5  Qb5
20. dxc6  bxc6  21. Bxc6
Qxb3  22. axb3  Rac8
23. Bb7  Rxc1  24. Rxc1
a5  25. h3  Bb4
26. Kf1  Re8  27. Be3  Rb8
28. Rc7  Kf8  29. Ke2
Ne8  30. Rd7  Nf6
31. Rc7  Ne8  32. Rd7
Nf6  1/2-1/2

[Event "tht Extraliga 16/17,Lokomotiva Brno-Lysa nad Labem B"]
[Site "Lysa nad Labem"]
[Date "2016.12.11"]
[Round "4.8"]
[White "Bednar, Marcel"]
[Black "Kulovana, Eva"]
[WhiteElo "2284"]
[BlackElo "2176"]
[Result "1-0"]

1. d4  d5  2. c4  c6
3. Nf3  Nf6  4. Nc3
a6  5. c5  g6
6. Bf4  Nh5  7. Bg5  h6
8. Bd2  Bg7  9. e3
O-O  10. Be2  Bg4
11. h3  Bxf3  12. gxf3
Nf6  13. f4  Nbd7
14. h4  e6  15. h5
Nxh5  16. Bxh5  gxh5
17. Qxh5  f5  18. O-O-O
Rf6  19. Ne2  Qe8
20. Qh2  Rg6  21. Kb1
Kh7  22. Ba5  Qf7
23. Nc1  Rg8  24. Nd3
Bf8  25. Bc7  Rg2
26. Qh3  Qg6  27. Qh4
Qf6  28. Bd8  Qxh4
29. Bxh4  R2g6  30. Kc2
Kg7  31. b4  Kf7
32. a4  Be7  33. Ra1
Bxh4 34. Rxh4  Ra8  35. Rhh1
Ke7  36. Kb3  Kd8
37. Rh2  Kc7  38. Rah1
Rh8  39. Kc2  Rh7
40. Rh5  Rh8  41. Rg5
Rf6  42. Rg7  Kc8
43. b5  axb5  44. axb5
cxb5  45. Ra1  Rd8
46. c6  bxc6  47. Ra8+
Nb8  48. Nc5  Rdf8
49. Rb7  1-0

[Event "tht Extraliga 16/17,Duras Brno-Lysa nad Labem A"]
[Site "Lysa nad Labem"]
[Date "2016.12.11"]
[Round "4.1"]
[White "Ponizil, Cyril"]
[Black "Najer, Evgeniy"]
[WhiteElo "2491"]
[BlackElo "2679"]
[Result "1/2-1/2"]

1. e4  e5  2. Nf3  Nc6
3. Bc4  Bc5  4. O-O
d6  5. c3  Nf6
6. d3  a6  7. Bb3  Ba7
8. Be3  Bxe3  9. fxe3
O-O  10. Nbd2  Qe7
11. a4  a5  12. Qe1
Be6  13. Bxe6  Qxe6
14. Qh4  Ne7  15. Ng5
Qg4  16. Qxg4  Nxg4
17. Nc4  b6  18. h3
Nf6  19. Nf3  Nd7
20. b4  axb4  21. cxb4
Nc6  22. Rfb1  Ra7
23. d4  Rfa8  24. a5
bxa5  25. bxa5  exd4
26. exd4  Nxa5  27. Nxa5
Rxa5  28. Rxa5  Rxa5
29. e5  d5  30. Ng5
h6  31. e6  hxg5
32. Rb8+  Nxb8  33. e7
Ra1+  34. Kf2  Ra2+
35. Kf1  Ra1+  36. Kf2
Ra2+  37. Kf1  1/2-1/2

[Event "tht Extraliga 16/17,Duras Brno-Lysa nad Labem A"]
[Site "Lysa nad Labem"]
[Date "2016.12.11"]
[Round "4.2"]
[White "Landa, Konstantin"]
[Black "Polak, Tomas"]
[WhiteElo "2612"]
[BlackElo "2497"]
[Result "1/2-1/2"]

1. Nf3  Nf6  2. g3  d5
3. Bg2  c6  4. O-O
Bg4  5. h3  Bxf3
6. exf3  g6  7. d3
Bg7  8. f4  Nbd7
9. Nd2  O-O  10. Nf3
a5  11. a4  Nc5
12. Be3  Nfd7  13. c3  Qc7
14. Qc2  Rfe8  15. Ne5
Ne6  16. d4  Rad8
17. Rad1  Nef8  18. b3
f6  19. Nd3  f5
20. c4  Nf6  21. Ne5  e6
22. Kh2  N8d7  23. Rfe1
Rf8  24. Bc1  Rfe8
25. Re2  Ne4  26. g4
Rc8  27. f3  Nd6
28. Bb2  Qd8  29. g5
Nf7  30. h4  Nfxe5
31. fxe5  h5  32. f4
Bf8  33. Qd3  Bb4
34. Rc2  Nb6  35. c5
Nd7  36. Bf1  Ra8
37. Rdc1  Ra7  38. Bc3
Qc7  39. Qd2  Bxc3
40. Qxc3  Rea8  41. Rb1
Kf7  42. Kg3  Ke7
43. Be2  Qd8  44. Rcc1
Nb8  45. b4  axb4
46. Rxb4  Rxa4  47. Rxb7+
Nd7  48. Rcb1  Ra3
49. R1b3  Rxb3  50. Rxb3
Qa5  51. Qxa5  Rxa5
52. Kf2  Kd8  53. Ke3
Kc7  54. Rd3  Ra2
55. Rd2  Ra3+  56. Rd3
Ra2  57. Rd2  Ra3+
58. Rd3  1/2-1/2

[Event "tht Extraliga 16/17,Duras Brno-Lysa nad Labem A"]
[Site "Lysa nad Labem"]
[Date "2016.12.11"]
[Round "4.3"]
[White "Blahynka, Martin"]
[Black "Yemelin, Vasily"]
[WhiteElo "2421"]
[BlackElo "2557"]
[Result "1-0"]

1. d4  Nf6  2. c4  e6
3. Nc3  Bb4  4. f3
c5  5. d5  Bxc3+
6. bxc3  Qa5  7. e4
d6  8. Ne2  h6
9. Ng3  Nbd7  10. Be2  Ne5
11. Qb3  h5  12. Bg5
h4  13. Bxf6  gxf6
14. Nf1  Ng6  15. Ne3
e5  16. Qb5+  Qxb5
17. cxb5  Nf4  18. Kf2
Bd7  19. Bc4  Ke7
20. g3  Nh3+  21. Ke2
Rag8  22. g4  Nf4+
23. Kd2  f5  24. exf5
Kf6  25. a4  Kg5
26. Bd3  Bc8  27. Be4
Rh6  28. Nc4  h3
29. Ke3  Ng2+  30. Kf2
Kf4  31. Nb2  Kg5
32. Kg3  Ne3  33. Rhg1
Kf6  34. Kf2  Ng2
35. Nc4  Kg5  36. Kg3
Rd8  37. Nd2  Nf4
38. Bd3  Kf6  39. Ne4+
Ke7  40. Bc4  Rg8
41. Kf2  f6  42. Bf1
Bd7  43. c4  Rhh8
44. a5  Rh6  45. Rg3
Rg7  46. Ke3  Rg8
47. Nf2  Rg7  48. Nd3
Nxd3  49. Bxd3  Rh4
50. a6  b6  51. Rc1
Kf7  52. Bf1  Rg8
53. Kf2  Rgh8  54. Re1
Kg7  55. Ke3  Kh6
56. f4  Re8  57. Kf3
exf4  58. Rxe8  fxg3
59. Rh8+  Kg5  60. Rg8+
1-0

[Event "tht Extraliga 16/17,Duras Brno-Lysa nad Labem A"]
[Site "Lysa nad Labem"]
[Date "2016.12.11"]
[Round "4.4"]
[White "Stocek, Jiri"]
[Black "Roubalik, Jakub"]
[WhiteElo "2546"]
[BlackElo "2410"]
[Result "1-0"]

1. d4  Nf6  2. Nf3  e6
3. Bf4  b6  4. e3
Bb7  5. c4  Bb4+
6. Nbd2  O-O  7. a3
Bxd2+  8. Nxd2  d6
9. Qc2  Nbd7  10. O-O-O
Qe7  11. f3  c5
12. dxc5  Nxc5  13. Nb3  d5
14. Nxc5  Qxc5  15. cxd5
Qxc2+  16. Kxc2  Nxd5
17. Kd2  Rfd8  18. Bd3
Nxf4  19. exf4  Ba6
20. Ke3  Bxd3  21. Rxd3
Rxd3+  22. Kxd3  Rc8
23. Re1  Kf8  24. Re4
b5  25. a4  bxa4
26. Rxa4  Rc7  27. Rc4
Rb7  28. b4  Ke7
29. Kc3  Kd7  30. Rc5
a6  31. Kc4  Rb6
32. Rh5  Rc6+  33. Kb3
h6  34. Ra5  Kc7
35. h4  Kb6  36. f5
exf5  37. Rxf5  Rc7
38. Rd5  Re7  39. Kc4
Re6  40. h5  Rc6+
41. Kd3  Rc7  42. Rd8
Re7  43. Rg8  f6
44. Kc4  Kc6  45. Kb3
Kb5  46. Rb8+  Kc6
47. Rc8+  Kb5  48. Rb8+
Kc6  49. Kc4  Rd7
50. Rc8+  Kb6  51. Re8
Kc6  52. Re6+  Kb7
53. g4  Rf7  54. Kd5
f5  55. Ke5  fxg4
56. fxg4  Rd7  57. Ke4
Rf7  58. Rd6  Ka7
59. Ke5  Rb7  60. Rd4
Kb6  61. Kf5  Kb5
62. Kg6  Ka4  63. Rd6
Rxb4  64. g5  Rg4
65. Kxg7  Rxg5+  66. Kxh6
Ra5  67. Kg6  Kb3
68. h6  Ra1  69. Kg7
a5  70. h7  Rg1+
71. Rg6  Rh1  72. Rh6
Rg1+  73. Kf7  Rf1+
74. Ke7  1-0

[Event "tht Extraliga 16/17,Duras Brno-Lysa nad Labem A"]
[Site "Lysa nad Labem"]
[Date "2016.12.11"]
[Round "4.5"]
[White "Vyskocil, Neklan"]
[Black "Plat, Vojtech"]
[WhiteElo "2318"]
[BlackElo "2532"]
[Result "1/2-1/2"]

1. e4  c5  2. Nf3  e6
3. d4  cxd4  4. Nxd4
Nc6  5. Nc3  d6
6. g3  Nf6  7. Bg2  Be7
8. O-O  O-O  9. Re1
Nxd4  10. Qxd4  e5
11. Qd3  Be6  12. Bg5
Qb6  13. Bxf6  Bxf6
14. b3  Rac8  15. Ne2
a5  16. c4  a4
17. Rab1  axb3  18. axb3  Ra8
19. Nc3  Bg5  20. Red1
Ra6  21. Rb2  Rfa8
22. h4  Bf6  23. Kh2
Qb4  24. Bh3  Be7
25. Bxe6  fxe6  26. Kg2
Ra1  27. Rxa1  Rxa1
28. Ra2  Rxa2  1/2-1/2

[Event "tht Extraliga 16/17,Duras Brno-Lysa nad Labem A"]
[Site "Lysa nad Labem"]
[Date "2016.12.11"]
[Round "4.6"]
[White "Krejci, Jan"]
[Black "Nepomucky, Ondrej"]
[WhiteElo "2490"]
[BlackElo "2206"]
[Result "1-0"]

1. e4  c5  2. Nf3  Nc6
3. Bb5  g6  4. Bxc6
bxc6  5. O-O  Bg7
6. c3  Nh6  7. Re1
O-O  8. d4  cxd4
9. cxd4  d6  10. Nc3
f6  11. Be3  Nf7
12. Rc1  Bd7  13. h3
Qa5  14. Nd2  Qa6
15. b3  Qd3  16. Nc4
Qxd1  17. Rexd1  f5
18. e5  g5  19. f4
dxe5  20. Nxe5  Nxe5
21. dxe5  gxf4  22. Bxf4
Be6  23. Ne2  Bd5
24. Nd4  Rac8  25. Rc5
Be4  26. Rdc1  Rfd8
27. Nxc6  Bxc6  28. Rxc6
Rd1+  29. Rxd1  Rxc6
30. Rd7  Ra6  31. Rxe7
Rxa2  32. e6  h6
33. Re8+  Kh7  34. e7
Re2  35. Bd6  Kg6
36. Rf8  1-0

[Event "tht Extraliga 16/17,Duras Brno-Lysa nad Labem A"]
[Site "Lysa nad Labem"]
[Date "2016.12.11"]
[Round "4.7"]
[White "Macharacek, Simon"]
[Black "Jansa, Vlastimil"]
[WhiteElo "2220"]
[BlackElo "2419"]
[Result "0-1"]

1. e4  c5  2. Nf3  e6
3. Nc3  a6  4. g3
Nc6  5. Bg2  d6
6. O-O  Nf6  7. d4  cxd4
8. Nxd4  Bd7  9. a4
Be7  10. h3  O-O
11. Nde2  Rb8  12. Be3
b5  13. axb5  axb5
14. f4  Qc7  15. Qd3
Nb4  16. Qd2  Rfc8
17. Ra7  Qd8  18. Nd4
e5  19. Nf5  Bxf5
20. exf5  Nxc2  21. Qxc2
b4  22. fxe5  dxe5
23. Rd1  Qf8  24. Ra5
bxc3  25. bxc3  Bb4
26. Ra6  Rxc3  0-1

[Event "tht Extraliga 16/17,Duras Brno-Lysa nad Labem A"]
[Site "Lysa nad Labem"]
[Date "2016.12.11"]
[Round "4.8"]
[White "Priehoda, Vitezslav"]
[Black "Micanek, Tomas"]
[WhiteElo "2373"]
[BlackElo "2062"]
[Result "1/2-1/2"]

1. d4  d5  2. c4  e6
3. Nc3  c5  4. cxd5
exd5  5. Nf3  Nc6
6. g3  c4  7. Bg2
Nf6  8. O-O  Be7
9. Ne5  O-O  10. Bg5
Be6  11. e3  Nd7
12. Nxc6  bxc6  13. Bxe7
Qxe7  14. b3  Nb6
15. bxc4  Nxc4  16. Na4
Qa3  17. Nc5  Bf5
18. Qc1  Rab8  19. e4
Be6  20. Qxa3  Nxa3
21. Rac1  Nc4  22. exd5
cxd5  23. Rfe1  Rb2
24. f4  Rd2  25. Nxe6
fxe6  26. Rxe6  Rxd4
27. Ra6  Rb8  28. Rxa7
Rb2  29. Rd7  Nb6
30. Rb7  Rdd2  31. Bf1
Nc4  32. Rd7  Nb6
33. Rb7  Nc4  34. Rxb2
Rxb2  35. Bxc4  dxc4
36. Rxc4  Rxa2  37. Rc7
Rb2  38. Re7  Kf8
39. Re5  Kf7  40. h4
Kf6  41. Kf1  Ra2
42. Re2  Ra3  43. Kf2
h5  44. Rb2  g6
45. Rb6+  Kf5  46. Rb5+  Kf6
47. Rg5  Rb3  48. f5
Rb2+  49. Kf3  Rb3+
50. Kg2  Rb2+  51. Kh3
gxf5  52. Rxh5  Rb3
53. Kg2  Rb2+  54. Kf1
Rb1+  55. Ke2  Rb2+
56. Kd1  Rb1+  57. Kc2
Rg1  58. Rg5  f4
59. gxf4  Rf1  60. Kd2 1/2-1/2

[Event "tht Extraliga 16/17,SK Slavoj Poruba-Duras Brno"]
[Site "Poruba"]
[Date "2017.01.28"]
[Round "5.1"]
[White "Mista, Alexander"]
[Black "Shengelia, David"]
[WhiteElo "2598"]
[BlackElo "2574"]
[Result "1-0"]

1. e4  c5  2. Nf3  e6
3. d4  cxd4  4. Nxd4
a6  5. Bd3  Nf6
6. O-O  e5  7. Nb3  Nc6
8. c4  a5  9. Be3
a4  10. N3d2  b6
11. Bc2  Bc5  12. Bxa4
Bb7  13. Nc3  O-O
14. Nf3  Re8  15. Bxc6
Bxc6  16. Qd3  h6
17. a3  Ng4  18. Bxc5
bxc5  19. h3  Nf6
20. b4  cxb4  21. axb4
Qc7  22. Nd2  Nh5
23. g3  Nf6  24. c5
Rab8  25. Rfb1  d6
26. b5  Bd7  27. c6
Bxh3  28. Nd5  Nxd5
29. exd5  f5  30. Nc4
e4  31. Qe3  f4
32. gxf4  Bg4  33. Ra7  Qc8
34. Qd4  Re5  35. fxe5
Bf3  36. e6  Qf8
37. Rf7  1-0

[Event "tht Extraliga 16/17,SK Slavoj Poruba-Duras Brno"]
[Site "Poruba"]
[Date "2017.01.28"]
[Round "5.2"]
[White "Ponizil, Cyril"]
[Black "Bobras, Piotr"]
[WhiteElo "2503"]
[BlackElo "2517"]
[Result "1/2-1/2"]

1. e4  c5  2. Nf3  Nc6
3. Nc3  e5  4. Bc4
Be7  5. d3  Nf6
6. O-O  O-O  7. h3  d6
8. Re1  Nd4  9. Nd5
Nxd5  10. Bxd5  Nxf3+
11. Qxf3  Bg5  12. Bxg5
Qxg5  13. Qg3  Qxg3
14. fxg3  Be6  15. g4
a5  16. Bxe6  fxe6
17. a4  Ra6  18. Rf1
Rf7  19. b3  Kf8
20. Rxf7+  Kxf7  21. Kf2
Rb6  22. Ke3  Ke7
23. Kd2  d5  1/2-1/2

[Event "tht Extraliga 16/17,SK Slavoj Poruba-Duras Brno"]
[Site "Poruba"]
[Date "2017.01.28"]
[Round "5.3"]
[White "Cvek, Robert"]
[Black "Polak, Tomas"]
[WhiteElo "2527"]
[BlackElo "2505"]
[Result "0-1"]

1. Nf3  Nf6  2. c4  e6
3. g3  d5  4. Bg2
Be7  5. O-O  O-O
6. b3  b6  7. Bb2
Bb7  8. e3  c5
9. Nc3  Nbd7  10. Qe2  Rc8
11. d3  Qc7  12. e4
d4  13. Nb5  Qb8
14. Nd2  a6  15. Na3
e5  16. f4  exf4
17. gxf4  g6  18. Bh3
Rcd8  19. e5  Nh5
20. Ne4  f6  21. Bc1
fxe5  22. f5  Nf4
23. Bxf4  exf4  24. fxg6
Ne5  25. gxh7+  Kh8
26. Rae1  Bh4  27. Nd6
Rg8+  28. hxg8=Q+  Rxg8+
29. Bg2  Rxg2+  30. Qxg2
Bxg2  31. Rxe5  Bxf1
32. Kxf1  Qxd6  33. Rh5+
Kg7  34. Rxh4  Qc6
35. Kf2  Qh1  36. Nc2
Qb1  37. Ne1  Qxa2+
0-1

[Event "tht Extraliga 16/17,SK Slavoj Poruba-Duras Brno"]
[Site "Poruba"]
[Date "2017.01.28"]
[Round "5.4"]
[White "Simacek, Pavel"]
[Black "Kanovsky, David"]
[WhiteElo "2487"]
[BlackElo "2411"]
[Result "1/2-1/2"]

1. e4  c5  2. Nf3  e6
3. d4  cxd4  4. Nxd4
a6  5. Bd3  Nf6
6. O-O  d6  7. c4  g6
8. Nc3  Bg7  9. Bg5
O-O  10. Qd2  b6
11. f4  Qc7  12. Kh1
Nbd7  13. Rae1  Bb7
14. Nf3  Rfe8  15. Bc2
Bc6  16. Nd4  Bb7
17. Nf3  Rac8  18. Ba4
Red8  19. Qe2  Rf8
20. Rd1  Nc5  21. Bc2
Rfe8  22. Rd2  h6
23. Bh4  Nh5  24. Qe3
d5  25. cxd5  exd5
26. e5  Ne4  27. Nxd5
Bxd5  28. Bxe4  Qc4
29. Re1  Qxe4  30. Qxe4
Bxe4  31. Rxe4  Rc1+
32. Be1  g5  33. fxg5
hxg5  34. g4  Nf4
35. Nxg5  Bh6  36. h4
Ng6  37. Kh2  Rxe1
38. Rxe1  Nxh4  39. e6
f6  40. Kg3  Bxg5
41. Rd6  Ng6  42. Re4
a5  43. Rxb6  Ne5
44. Ra6  Kg7  45. Rd4
Kg6  46. Rd5  a4
47. Rda5  Bc1  48. Rxa4
Bxb2  49. Rb4  Nd3
50. Rb5  Be5+  51. Kf3
Nf4  52. e7  Kf7
53. g5  Ng6  54. gxf6
Bxf6  55. Rbb6  1/2-1/2

[Event "tht Extraliga 16/17,SK Slavoj Poruba-Duras Brno"]
[Site "Poruba"]
[Date "2017.01.28"]
[Round "5.5"]
[White "Murdzia, Piotr"]
[Black "Blahynka, Martin"]
[WhiteElo "2428"]
[BlackElo "2428"]
[Result "1-0"]

1. e4  e5  2. Nf3  Nc6
3. Bc4  Bc5  4. c3
Nf6  5. d3  O-O
6. O-O  d5  7. exd5  Nxd5
8. Re1  Bg4  9. h3
Bh5  10. b4  Bb6
11. b5  Na5  12. Rxe5
Nf6  13. Nbd2  Re8
14. Rxe8+  Qxe8  15. a4
Rd8  16. d4  c5
17. Be2  Nd5  18. Bb2  Qe6
19. Bf1  Nf4  20. Qe1
Qg6  21. Ne5  Nxh3+
22. Kh2  Qc2  23. Kxh3
Qxb2  24. Ndc4  Nxc4
25. Nxc4  Qc2  26. g4
Bg6  27. a5  Bc7
28. Rc1  Qe4  29. Qxe4
Bxe4  30. dxc5  h5
31. Nd6  Bxd6  32. cxd6
hxg4+  33. Kxg4  Rxd6
34. Kf4  Bd3  35. Bxd3
Rxd3  36. c4  Kf8
37. c5  Ke7  38. c6
bxc6  39. Rxc6  Rb3
40. Rc7+  Ke6  41. Rb7
Rb4+  42. Ke3  g5
43. a6  f5  44. Rb8
Ra4  45. Rb7  g4
46. Rxa7  f4+  47. Kd3
Ra3+  48. Kd4  g3
49. fxg3  fxg3  50. Rg7
Kf6  51. Rxg3  Rxg3
52. a7  Ra3  53. b6
Ke6  54. b7  Ra4+
55. Kc5  Rxa7  56. b8=Q
Ra5+  57. Kb6  Re5
58. Kc6  Kf5  59. Qf8+
Ke4  60. Qf6  Rf5
61. Qe6+  Re5  62. Qg4+
Kd3  63. Kd6  Re4
64. Qd1+  Ke3  65. Kd5
Rf4  66. Qb3+  Kf2
67. Ke5  Rf3  68. Qb6+
Ke2  69. Ke4  Rg3
70. Qb2+  Kd1  71. Qf2
Ra3  72. Kd4  Ra4+
73. Kc3  Ra3+  74. Kc4
Kc1  75. Qe1+  Kc2
76. Qe2+  Kb1  77. Kb4
Ra2  78. Qd1+  Kb2
79. Qd4+  Kc1  80. Qe3+
Kd1  81. Qg1+  Kc2
82. Qe1  Rb2+  83. Kc4
Ra2  84. Qe2+  Kb1
85. Qd1+  Kb2  86. Kb4
Ra8  87. Qd4+  Kc1
88. Qg1+  1-0